English appreciation / (Record no. 17850)
[ view plain ]
| 000 -LEADER | |
|---|---|
| fixed length control field | 00534nam a22002052i 4500 |
| 001 - CONTROL NUMBER | |
| control field | 17850 |
| 003 - CONTROL NUMBER IDENTIFIER | |
| rucl marc code | BD-RjUL |
| 005 - DATE AND TIME OF LATEST TRANSACTION | |
| control field | 20211209000213.0 |
| 008 - FIXED-LENGTH DATA ELEMENTS--GENERAL INFORMATION | |
| fixed length control field | 140219m19541953xxk 000 0 eng d |
| 035 ## - SYSTEM CONTROL NUMBER | |
| System control number | (BD-RjUL) |
| 040 ## - CATALOGING SOURCE | |
| Original cataloging agency | UKM |
| Transcribing agency | UKM |
| Modifying agency | EQO |
| -- | BD-RjUL |
| Language of cataloging | eng |
| 041 ## - LANGUAGE CODE | |
| Language code of text/sound track or separate title | eng |
| 082 ## - DEWEY DECIMAL CLASSIFICATION NUMBER | |
| Classification number | 428 |
| Edition number | 18 |
| Author mark and year | BUE |
| 100 1# - MAIN ENTRY--PERSONAL NAME | |
| Personal name | Burton, S. H. |
| Fuller form of name | (Samuel Holroyd) |
| 9 (RLIN) | 55078 |
| 245 10 - TITLE STATEMENT | |
| Title | English appreciation / |
| 260 ## - PUBLICATION, DISTRIBUTION, ETC. (IMPRINT) | |
| Place of publication, distribution, etc. | Longmans, Green, |
| Date of publication, distribution, etc. | 1953 |
| Name of publisher, distributor, etc. | longmarch green and co., |
| 300 ## - PHYSICAL DESCRIPTION | |
| Pagination | 195 p. ; |
| Size | 20 cm |
| 942 ## - ADDED ENTRY ELEMENTS (KOHA) | |
| Source of classification or shelving scheme | Dewey Decimal Classification |
| Koha item type | Books |
| Lost status | Source of classification or shelving scheme | Damaged status | Not for loan | Collection code | Permanent Location | Current Location | Shelving location | Date acquired | Source of acquisition | Cost, normal purchase price | Total Checkouts | Full call number | Date last seen | Copy number | Koha item type |
|---|---|---|---|---|---|---|---|---|---|---|---|---|---|---|---|
| Dewey Decimal Classification | Not For Loan | Fiction | Central Library, University of Rajshahi | Central Library, University of Rajshahi | Reading Room | 20/10/1955 | New Mohinuddin publication | 6.60 | 428 BUE 1954 | 19/02/2014 | C-1 | Books | |||
| Dewey Decimal Classification | Central Library, University of Rajshahi | Central Library, University of Rajshahi | 20/10/1955 | Mokurrom Pub. | 6.16 | 428 BUE 1954 | 22/02/2014 | C-4 | Books |